000 00415nam a2200145 a 4500
005 20141022142008.0
008 120228s19uu xx 00 eng d
050 _aCD-ROM
_bW67 2009
100 _aWilliams, Thomas A.
245 _aContemporary business statistics /
_cThomas Williams, Dennis Sweeney, David Anderson.
260 _c2009.
700 _aSweeney, Dennis
700 _aAnderson, David
942 _cAVM
999 _c276606
_d276606